Packing It Up - Gracie Abrams - Statistics

General Stats
  • This quiz has been taken 94 times
  • The average score is 252 of 295
Answer Stats
Hint Answer % Correct
Chorus | Verse 1 | Verse 3 I
100%
it
100%
packing
100%
so
100%
to
100%
up
100%
you
100%
You
100%
you,
100%
a
97%
A
97%
But
97%
for
97%
happened
97%
happened)
97%
that
97%
when
97%
your
97%
just
94%
of
94%
right
94%
swear
94%
that's
94%
That's
94%
The
94%
the
94%
then
94%
(Then
94%
Then
94%
close
91%
Got
91%
got
91%
looking
91%
on
91%
wasn't
91%
And
88%
and
88%
ask
88%
could
88%
damn
88%
every
88%
everything
88%
get
88%
hope
88%
Hope
88%
much
88%
cold
85%
pillow,
85%
side
85%
We
85%
me
82%
me,
82%
once
82%
all
76%
break
76%
no
76%
come
73%
my
73%
good
70%
know
70%
love
70%
spring
70%
tea,
70%
With
70%
with
70%
Chorus 'Cause
67%
do
67%
I'd
67%
in
67%
it's
67%
peppermint
67%
something,
67%
Don't
64%
I'm
64%
miles,
64%
never
64%
traffic
64%
cool
61%
drive
61%
happily
61%
home
61%
Pre-Chorus I'll
61%
Verse 2 Now
61%
sense
61%
dark
58%
die
58%
family
58%
here
58%
humor
58%
leave
58%
out
58%
real
58%
together,
58%
wind
58%
back
55%
complete
55%
door
55%
hold
55%
someone
55%
stay
55%
stop
55%
sudden
55%
summer
55%
talking
55%
face,
52%
forever
52%
red
52%
fit
48%
maybe
48%
move,
48%
perfectly
48%
shy
48%
morning,
45%
new
45%
Sunsets
42%
buttons
39%
kinda
39%
none
39%
push
39%
through
39%
game,
36%
replace
33%
No matching quizzes found
Score Distribution
Percent of People with Each Score
Percentile by Number Answered
Your Score History
You have not taken this quiz